| 000 | 00603cam a22002054a 4500 | ||
|---|---|---|---|
| 005 | 20250605164300.0 | ||
| 008 | 250528s ||||||||||||||||||||||||d | ||
| 035 | _a22049 | ||
| 020 | _a9789602187678 | ||
| 040 |
_aGR-AtMCL _bgre _dGR-AtMCL _eAACR2 |
||
| 245 | 1 | _aΘΕΜΑΤΑ ΤΡΑΠΕΖΙΚΗΣ ΚΑΙ ΧΡΗΜΑΤΟΟΙΚΟΝΟΜΙΚΗΣ ΘΕΩΡΙΑΣ | |
| 250 | _a1 | ||
| 260 |
_bΚριτική, _c2012 |
||
| 300 | _a424 | ||
| 700 | 1 | _aΝτοκας Ιωαννης Γ | |
| 700 | 1 |
_aΧριστοπουλος Αποστολος Γ _97388 |
|
| 942 | _cBK | ||
| 999 |
_c7105 _d7105 |
||